<?xml version="1.0" encoding="UTF-8"?><record xmlns="http://www.loc.gov/MARC21/slim" xmlns:zs="http://docs.oasis-open.org/ns/search-ws/sruResponse">
  <leader>01431cz  a2200241n  4500</leader>
  <controlfield tag="001">n  82230802 </controlfield>
  <controlfield tag="003">DLC</controlfield>
  <controlfield tag="005">20241109064540.0</controlfield>
  <controlfield tag="008">831206n| azannaabn          |a aaa      </controlfield>
  <datafield ind1=" " ind2=" " tag="010">
    <subfield code="a">n  82230802 </subfield>
  </datafield>
  <datafield ind1=" " ind2=" " tag="035">
    <subfield code="a">(OCoLC)oca00883734</subfield>
  </datafield>
  <datafield ind1=" " ind2=" " tag="040">
    <subfield code="a">DLC</subfield>
    <subfield code="b">eng</subfield>
    <subfield code="e">rda</subfield>
    <subfield code="c">DLC</subfield>
    <subfield code="d">DLC</subfield>
    <subfield code="d">MH-Mu</subfield>
  </datafield>
  <datafield ind1=" " ind2=" " tag="046">
    <subfield code="f">1945-03-23</subfield>
    <subfield code="g">2021-05-18</subfield>
    <subfield code="2">edtf</subfield>
  </datafield>
  <datafield ind1=" " ind2="0" tag="053">
    <subfield code="a">ML410.B268</subfield>
    <subfield code="c">Biography</subfield>
  </datafield>
  <datafield ind1="1" ind2=" " tag="100">
    <subfield code="a">Battiato, Franco</subfield>
  </datafield>
  <datafield ind1=" " ind2=" " tag="370">
    <subfield code="a">Riposto (Italy)</subfield>
    <subfield code="b">Catania (Italy : Province)</subfield>
    <subfield code="2">naf</subfield>
  </datafield>
  <datafield ind1=" " ind2=" " tag="374">
    <subfield code="a">Composers</subfield>
    <subfield code="a">Lyricists</subfield>
    <subfield code="a">Motion picture producers and directors</subfield>
    <subfield code="a">Singers</subfield>
    <subfield code="2">lcsh</subfield>
  </datafield>
  <datafield ind1="1" ind2=" " tag="400">
    <subfield code="a">Battiato, Francesco,</subfield>
    <subfield code="d">1945-2021</subfield>
  </datafield>
  <datafield ind1=" " ind2=" " tag="670">
    <subfield code="a">Franco Battiato, 1983:</subfield>
    <subfield code="b">t.p. (Franco Battiato)</subfield>
  </datafield>
  <datafield ind1=" " ind2=" " tag="670">
    <subfield code="a">Franco Battiato, c1997:</subfield>
    <subfield code="b">p. 15 (b. Mar. 23, 1945)</subfield>
  </datafield>
  <datafield ind1=" " ind2=" " tag="670">
    <subfield code="a">New Grove dict. of mus. WWW site, May 11, 2005:</subfield>
    <subfield code="b">under Catania (20th century composer from Catania, Sicily)</subfield>
  </datafield>
  <datafield ind1=" " ind2=" " tag="670">
    <subfield code="a">E ti vengo a cercare, c2005:</subfield>
    <subfield code="b">t.p. (Franco Battiato) p. 157 (b. Mar. 23, 1945, Jonia (name later changed to Riposto), Catania province)</subfield>
  </datafield>
  <datafield ind1=" " ind2=" " tag="670">
    <subfield code="a">Wikipedia, November 8, 2024</subfield>
    <subfield code="b">(Francesco (Franco) Battiato; born March 23, 1945 in Ionia, died May 18, 2021 in Milo, Catania; Italian musician, singer, composer, filmmaker, and, under the pseudonym Süphan Barzani, also a painter; is genres span experimental pop, electronic music, progressive rock, opera, symphonic music, movie soundtrack, oratorio and new wave; one of te most popular singer-songwriters in Italy for decades)</subfield>
  </datafield>
</record>
